000 00762nam a2200241 i 4500
001 bg
100 1 _aWITKOWSKI, Czesław.
245 1 0 _aHotelarstwo.
_nCz. 3,
_pHotelarstwo w gospodarce turystycznej /
_cCzesław Witkowski, Magdalena Kachniewska.
260 _aWarszawa :
_bWyższa Szkoła Ekonomiczna,
_c2005.
300 _a292 s. :
_bil. ;
_c24 cm.
504 _aBibliogr.
650 9 _aHotelarstwo
655 _aPodręczniki
700 1 _aKACHNIEWSKA, Magdalena.
020 _a8386990759
040 _cBPK
041 0 _apol
080 _a640.41/.42(07)
920 _a83-86990-75-9
942 _cKS
008 s pl f |000 0 pol
999 _c46293
_d46293
856 _uhttp://koha.tu.koszalin.pl/cgi-bin/koha/opac-detail.pl?biblionumber=46293
_yKatalog online BPK